Здоровое общество ; Догмат о Христе: пер. с нем.

Бібліографічні деталі
Автор: Фромм Э. Эрих
Резюме:Взаимоотношения человека и общества с давних пор привлекали философов, стремившихся определить, какой из элементов этой бинарной оппозиции первичен. Антисоциален ли индивидуум по природе своей, как утверждал 3. Фрейд, или же, напротив, человек есть общественное животное, как полагал К. Маркс? Попытку примирить эти противоположные точки зрения предпринял основоположник «гуманистического психоанализа» Эрих Фромм. Общество заражено деперсонализацией индивида: массовая культура, массовое искусство, массовая политика обусловлены совокупностью всех условий жизни современного индустриального общества. Эту болезнь возможно вылечить только через обретение позитивной свободы, свободы не самой по себе, не деструктивной, а «свободы для чего-либо», через переход от состояния «иметь» к состоянию «быть». И только общество, члены которого обладают позитивной свободой, можно назвать здоровым.
Мова:Російська
Опубліковано: Москва, АСТ, 2005
Серія:Philosophy
Предмети:
Формат: Книга
KOHA link:https://koha.lib.tpu.ru/cgi-bin/koha/opac-detail.pl?biblionumber=96294

MARC

LEADER 00000nam0a2200000 4500
001 96294
005 20231031110454.0
010 |a 5170265409  |b (АСТ) (в пер.) 
010 |a 5-9678-1336-2 
021 |a RU  |b 05-55853  |9 05-2732 
035 |a (RuTPU)RU\TPU\book\103091 
090 |a 96294 
100 |a 20060512d2005 km y0rusy5002 ca 
101 1 |a rus  |c ger 
102 |a RU 
105 |a y z 001zy 
200 1 |a Здоровое общество ; Догмат о Христе  |e пер. с нем.  |f Э. Фромм 
210 |a Москва  |c АСТ  |c Транзиткнига  |d 2005 
215 |a 571 с. 
225 1 |a Philosophy 
320 |a Библиогр. в примеч.: с. 516-571. 
330 |a Взаимоотношения человека и общества с давних пор привлекали философов, стремившихся определить, какой из элементов этой бинарной оппозиции первичен. Антисоциален ли индивидуум по природе своей, как утверждал 3. Фрейд, или же, напротив, человек есть общественное животное, как полагал К. Маркс? Попытку примирить эти противоположные точки зрения предпринял основоположник «гуманистического психоанализа» Эрих Фромм. Общество заражено деперсонализацией индивида: массовая культура, массовое искусство, массовая политика обусловлены совокупностью всех условий жизни современного индустриального общества. Эту болезнь возможно вылечить только через обретение позитивной свободы, свободы не самой по себе, не деструктивной, а «свободы для чего-либо», через переход от состояния «иметь» к состоянию «быть». И только общество, члены которого обладают позитивной свободой, можно назвать здоровым. 
610 1 |a психоанализ 
610 1 |a свобода 
610 1 |a религия 
610 1 |a человек 
610 1 |a личность 
610 1 |a философские проблемы 
610 1 |a общество 
610 1 |a социум 
610 1 |a индивид 
610 1 |a взаимоотношения 
610 1 |a психология 
686 |a Ю932  |2 rubbk 
700 1 |a Фромм  |b Э.  |g Эрих  |4 070 
801 0 |a RU  |b RKP  |c 20051004  |g PSBO 
801 1 |a RU  |b 63413507  |c 20060512  |g PSBO 
801 2 |a RU  |b 63413507  |c 20120125  |g PSBO 
942 |c BK